| 000 | 00670cam a22002535a 4500 | ||
|---|---|---|---|
| 001 | L159719 | ||
| 008 | 150226s2017 xxk f 000 0 eng d | ||
| 035 | _a(Sirsi) u159719 | ||
| 041 | 0 | _aeng | |
| 100 | 1 |
_aHooper, Brendon _96168 |
|
| 245 | 0 | 0 | _aContinental self |
| 260 | _c2017 | ||
| 490 |
_aModus _vFebruary 2017, 32-33 (2) |
||
| 520 | _aLifestyle shifts and mobile technologies are seeding a self-storage boom across Europe. | ||
| 590 | _aKA | ||
| 650 | 2 | 4 | _aSELF-STORAGE |
| 650 | 2 | 4 | _aIT |
| 650 | 2 | 4 | _aREAL ESTATE INVESTMENT |
| 651 | 4 | _aEurope | |
| 651 | 4 | _aAustralia | |
| 651 | 4 | _aUnited Kingdom | |
| 690 |
_aCommercial property _96227 |
||
| 942 | _n0 | ||
| 999 |
_c84931 _d84931 |
||